| 000 | 00427nam a22001457a 4500 | ||
|---|---|---|---|
| 005 | 20250108114916.0 | ||
| 008 | 250108b |||||||| |||| 00| 0 eng d | ||
| 020 | _a9781873156889 | ||
| 050 |
_aHV6625 _b.G5 SAL |
||
| 100 | _aSALAKO, JOHN | ||
| 245 | _aDOMESTIC VIOLENCE ACT, 2007 ABUSE AND MISUSE OF THE LAW OF DOMISTIC VIOLENCE IN GHANA | ||
| 260 |
_aACCRA _bJOHN SALAKO BRUSSELS _c2017 |
||
| 300 | _a320P | ||
| 942 |
_2lcc _cBK _n0 |
||
| 999 |
_c2468 _d2468 |
||